| 000 | 01177cam a2200265 a 4500 | ||
|---|---|---|---|
| 001 | 000014341 | ||
| 005 | 20240527202356.0 | ||
| 008 | 940204s1989 ag a b i000 0 spa d | ||
| 020 | _a950910986X | ||
| 040 |
_aDO-SdBNP _bspa _cDJBF _dDLC _dBNPHU |
||
| 082 |
_a337.1 _bF954e |
||
| 100 | 1 |
_aFuentes Hernández, Alfredo. _932361 |
|
| 245 | 1 | 0 |
_aEconómia mundial e integración de América Latina / _cAlfredo Fuentes Hernéndez , Javier Villanueva ; prólogo Eduardo A. Zalduendo. |
| 260 |
_aBuenos Aires, Argentina : _bInstituto para la Integración de América Latina, Banco Interamericano de Desarrollo, _bEditarial Tesis, _c1989. |
||
| 300 |
_axxii, 277 p. : _bil. ; _c23 cm. |
||
| 504 | _aIncluye referencias bibliográficas (p. [245]-277). | ||
| 651 | 4 |
_aAmérica Latina _xRelaciones Económicas Exteriores _930739 |
|
| 651 | 4 |
_aAmérica Latina _xIntegración Económicas _932362 |
|
| 650 | 0 |
_a Relaciones económicas internacionales _91067 |
|
| 700 | 1 |
_aVillanueva, Javier, _d1926- _932363 |
|
| 700 | 1 |
_aZalduendo, Eduardo A. _epról. _932364 |
|
| 710 | 1 |
_aInstituto para la Integración de América Latina. _932039 |
|
| 910 | _aCatalogación por copia/LC | ||
| 049 | _aBNGR | ||
| 999 |
_c13933 _d13933 |
||